000 00463nam a2200169 a 4500
005 20140412111301.0
008 001118s19uu xx 00 eng d
020 _a0-553-15576-8
050 _aER
_bWi63 1987
245 _aWilloughby Wallaby /
_cillustrated by Vickie M. Learner.
260 _aNew York :
_bBantam Books,
_c1987.
300 _a1 v. (unp.)
440 _aA Bantam Sing-A-Story
650 _aChildren's song
650 _aRhymes
999 _c103392
_d103392